Seleções da UEFA - Statistics

Estatísticas Gerais
  • Esse quiz foi jogado 219 vezes
  • A pontuação média é 44 de 55
Estatísticas das Respostas
Resposta % Correto
Alemanha
96%
Espanha
96%
Portugal
96%
Inglaterra
95%
Bélgica
92%
França
92%
Rússia
92%
Suécia
92%
Países Baixos
91%
Irlanda
90%
Itália
90%
Finlândia
89%
Noruega
89%
Croácia
88%
Suíça
88%
Eslováquia
87%
Ucrânia
87%
Albânia
85%
Escócia
85%
Eslovênia
85%
Polônia
85%
Letônia
84%
Luxemburgo
84%
Dinamarca
83%
Estônia
83%
País de Gales
83%
Sérvia
83%
Bulgária
82%
Grécia
82%
Lituânia
82%
Andorra
81%
Islândia
81%
San Marino
81%
Turquia
81%
Áustria
80%
Romênia
80%
Macedônia do Norte
78%
Hungria
77%
Irlanda do Norte
77%
Bielorrússia
76%
Malta
75%
Montenegro
75%
República Tcheca
75%
Bósnia e Herzergovina
74%
Liechtenstein
73%
Kosovo
72%
Chipre
70%
Armênia
67%
Geórgia
66%
Moldávia
65%
Azerbaijão
62%
Israel
60%
Cazaquistão
44%
Gibraltar
43%
Ilhas Feroe
41%
Nenhum quiz correspondente encontrado
Distribuição das Pontuações
Porcentagem de Pessoas com Cada Pontuação
Percentil de Números Respondidos
Sua Pontuação Histórica
Você não jogou esse quiz